Swachh Hospital : (Record no. 138825)

MARC details
000 -LEADER
fixed length control field 00703nam a22002177a 4500
005 - DATE AND TIME OF LATEST TRANSACTION
control field 20170412145312.0
010 ## - LCCN (DPL NO)
LC control number ENG-117756
020 ## - INTERNATIONAL STANDARD BOOK NUMBER
International Standard Book Number 9789382420897
Terms of availability 895.00
035 ## - SYSTEM CONTROL NUMBER
System control number EN-101288
037 ## - SOURCE OF ACQUISITION
Source of stock number/acquisition DBAD/PUB
082 ## - DEWEY DECIMAL CLASSIFICATION NUMBER
Classification number 363.7288
100 ## - MAIN ENTRY--PERSONAL NAME
Personal name Jena, Biswapriya
245 ## - TITLE STATEMENT
Title Swachh Hospital :
Statement of responsibility, etc by Biswapriya Jena
Remainder of title Biomedical Waste Management /
260 ## - PUBLICATION, DISTRIBUTION, ETC. (IMPRINT)
Place of publication, distribution, etc New Delhi
Name of publisher, distributor, etc Kunal books
Date of publication, distribution, etc 2015
270 ## - ADDRESS
Address 4648/21, first floor, Ansari Road, Daryaganj
City New Delhi
Postal code 110002
300 ## - PHYSICAL DESCRIPTION
Extent vi, 257p. :
Dimensions 21cm(Hb)
Other physical details ill.
500 ## - GENERAL NOTE
General note Includes bibliographical reference and index
700 ## - ADDED ENTRY--PERSONAL NAME
Personal name Jena,Biswapriya
700 ## - ADDED ENTRY--PERSONAL NAME
Personal name Mohanty,Bijoyini
942 ## - ADDED ENTRY ELEMENTS (KOHA)
Source of classification or shelving scheme Dewey Decimal Classification
Item type English Books
Classification part 363.7288
Call number suffix JEN
Holdings
Withdrawn status Lost status Not for loan Collection code Home library Current library Date acquired Source of acquisition Cost, normal purchase price Full call number Barcode Copy number Cost, replacement price Koha item type
    Not For Loan Non-fiction D.B.Act.Division D.B.Act.Division 12/04/2017 DBAD/PUB 895.00 363.7288 JEN EN-101288 1 895.00 English Books

© Delhi Public Library
Hit Counter
free hit counter